|
|
|
|
| LEADER |
01111nam a2200253 a 4500 |
| 001 |
0017813 |
| 003 |
BD-DhAAL |
| 008 |
100302s2007 enka 001 0 eng d |
| 020 |
|
|
|a 185669495X (hbk.)
|
| 020 |
|
|
|a 9781856694957 (hbk.)
|
| 040 |
|
|
|a UKM
|c UKM
|d BTCTA
|d BAKER
|d YDXCP
|d BWKUK
|d BWK
|d UGX
|d EQF
|d BD-DhAAL
|
| 082 |
0 |
4 |
|a 720.4
|2 22
|
| 100 |
1 |
|
|a Slavid, Ruth.
|9 31946
|
| 245 |
1 |
0 |
|a Micro :
|b very small architecture /
|c Ruth Slavid.
|
| 260 |
|
|
|a London :
|b Laurence King,
|c 2007.
|
| 300 |
|
|
|a 223 p. :
|b col. ill. ;
|c 22 cm
|
| 500 |
|
|
|a Includes index.
|
| 526 |
|
|
|a ARC
|x Md. Shajjad Hossain,
Faculty members of the Department of Architecture
|
| 541 |
1 |
|
|e 0017813
|a Zeenat Book Supply Ltd
|
| 650 |
|
0 |
|a Small buildings.
|9 31947
|
| 852 |
4 |
|
|a Ayesha Abed Library
|c General Stacks
|
| 942 |
0 |
0 |
|0 1
|2 ddc
|c BK
|
| 999 |
|
|
|c 7684
|d 7684
|
| 952 |
|
|
|0 0
|1 0
|2 ddc
|4 0
|6 720_400000000000000_SLA_2007
|7 0
|9 8416
|a BRACUL
|b BRACUL
|c GEN
|d 2010-03-02
|e Zeenat Book Supply Limited
|g 2693.00
|l 8
|m 29
|o 720.4 SLA
|p 3010017813
|r 2021-12-23
|s 2021-12-15
|t 1
|w 2010-03-02
|y BK
|x Requisitioned by Md. Shajjad Hossain (Faculty members of the Department of Architecture).
|